García márquez para principiantes /

Guardado en:
Autor Principal: Solanet, Mariana
Otros Autores: Bergandi, Héctor Luis
Formato: Libro
Publicado: Buenos Aires : Era Naciente, 1999
Series:Documentos ilustrados; No. 50
Materias:
Etiquetas: Agregar Etiqueta
Sin Etiquetas, Sea el primero en etiquetar este registro!
LEADER 00698nam a22002175a 4500
001 CEM.cems011179
005 20100916093515.0
008 130507s1999##################000#0#####d
003 CEMS
020 |a 9879065700 
082 0 4 |a C863.4 
100 1 |a Solanet, Mariana 
245 1 0 |a García márquez para principiantes /  |c Mariana Solanet y Héctor Luis Bergandi 
260 |a Buenos Aires :  |b Era Naciente,  |c 1999 
300 |a 176 p. 
490 0 |a Documentos ilustrados; No. 50 
653 |a Literatura 
653 |a García márquez, gabriel-biografía 
653 |a García márquez, gabriel-análisis 
700 1 |a Bergandi, Héctor Luis 
859 |a CEMS  |b BIB. CEMS - 11 de abril  |h C863.4  |i So41  |p 22055.03  |t Ej.1